[Event "NB2 Asztalos csoport"]
[Site "Kalocsa"]
[Date "2024.12.01"]
[Round "3.8"]
[White "Bartuszek, Andras"]
[Black "Feher, Laszlo"]
[Result "0-1"]
[WhiteElo "1814"]
[BlackElo "1752"]
[PlyCount "70"]
[GameId "2120082976901327"]
[EventDate "2024.11.03"]
[EventType "team-tourn"]
[EventRounds "9"]
[EventCountry "HUN"]
[Source "chess.hu"]
[WhiteTeam "Kalocsai SK"]
[BlackTeam "Karmin PSSE"]
[WhiteTeamCountry "HUN"]
[BlackTeamCountry "HUN"]

1. e4 c6 2. d4 d5 3. Nd2 dxe4 4. Nxe4 Bf5 5. Ng3 Bg6 6. h4 h6 7. Nf3 Nd7 8. Bd3 Bxd3 9. Qxd3 Qc7 10. Be3 Ngf6 11. O-O-O e6 12. Kb1 O-O-O 13. Qb3 Bd6 14. Ne2 Ng4 15. c4 Nxe3 16. fxe3 c5 17. Nc3 a6 18. Ne4 Be7 19. d5 exd5 20. Rxd5 Nb6 21. Rf5 Qc6 22. Qc2 Rhf8 23. h5 Nd7 24. Rf1 Qe6 25. Rd5 f5 26. Nc3 Nb6 27. Re5 Qxc4 28. Rc1 Qf7 29. e4 fxe4 30. Nxe4 Nd7 31. Nxc5 Bxc5 32. Re2 Kb8 33. Ne5 Nxe5 34. Qxc5 Nd3 35. Qc7+ Qxc7 0-1

[Event "NB2 Asztalos csoport"]
[Site "Kalocsa"]
[Date "2024.12.01"]
[Round "3.9"]
[White "Lang, Bence"]
[Black "Horvath, Gabor"]
[Result "1/2-1/2"]
[WhiteElo "1755"]
[BlackElo "1841"]
[PlyCount "89"]
[GameId "2120083719846170"]
[EventDate "2024.11.03"]
[EventType "team-tourn"]
[EventRounds "9"]
[EventCountry "HUN"]
[Source "chess.hu"]
[WhiteTeam "Karmin PSSE"]
[BlackTeam "Kalocsai SK"]
[WhiteTeamCountry "HUN"]
[BlackTeamCountry "HUN"]

1. Nf3 Nc6 2. g3 e5 3. d3 d5 4. Bg2 Nf6 5. O-O h6 6. e4 dxe4 7. dxe4 Qxd1 8. Rxd1 Nxe4 9. Nxe5 Nxe5 10. Bxe4 Bd6 11. Bf4 O-O 12. Nc3 f5 13. Bd5+ Kh8 14. Nb5 g5 15. Nxd6 gxf4 16. Nxc8 Raxc8 17. Re1 Ng6 18. Re6 Kg7 19. Rae1 fxg3 20. hxg3 c6 21. Bf3 Rf6 22. Kg2 Rd8 23. Rxf6 Kxf6 24. Re2 Rd7 25. Bh5 Ne5 26. f4 Nc4 27. b3 Nd2 28. Bf3 Nb1 29. c4 Rd2 30. Rxd2 Nxd2 31. Bd1 Ne4 32. a4 Ke6 33. Bc2 Nf6 34. Kf3 Ng4 35. Ke2 h5 36. Kf3 Nh6 37. Ke3 a6 38. Bb1 Kd6 39. Kd4 b6 40. Bc2 c5+ 41. Ke3 Ke6 42. Bd1 Ng4+ 43. Kf3 Kd6 44. Bc2 Nh6 45. Bd3 1/2-1/2

[Event "NB2 Asztalos csoport"]
[Site "Kalocsa"]
[Date "2024.12.01"]
[Round "3.10"]
[White "Kenyeres, Zsolt"]
[Black "Orsos, Kristof"]
[Result "0-1"]
[WhiteElo "1703"]
[BlackElo "1644"]
[PlyCount "78"]
[GameId "2120084414495048"]
[EventDate "2024.11.03"]
[EventType "team-tourn"]
[EventRounds "9"]
[EventCountry "HUN"]
[Source "chess.hu"]
[WhiteTeam "Kalocsai SK"]
[BlackTeam "Karmin PSSE"]
[WhiteTeamCountry "HUN"]
[BlackTeamCountry "HUN"]

1. d4 d5 2. c4 e6 3. Nc3 c5 4. Nf3 Nf6 5. Bg5 dxc4 6. e3 Nc6 7. Bxc4 Be7 8. O-O O-O 9. dxc5 Qa5 10. Bf4 Qxc5 11. Bb3 Rd8 12. Qe2 e5 13. Bg3 Bg4 14. h3 Bh5 15. Rac1 Qb4 16. Qc4 Qxc4 17. Bxc4 e4 18. Ne5 Na5 19. Bb3 Nxb3 20. axb3 Bb4 21. Nb5 Be2 22. Nd4 Bxf1 23. Kxf1 Rac8 24. Nc4 a6 25. Ra1 Bc5 26. Be5 Nd7 27. Bg3 Bxd4 28. exd4 Nf6 29. Be5 Ne8 30. Rd1 f6 31. Bf4 b5 32. Ne3 Rd7 33. d5 Rcd8 34. h4 Nc7 35. d6 Ne8 36. Nf5 g6 37. Ne7+ Rxe7 38. dxe7 Rxd1+ 39. Ke2 Rd7 0-1

[Event "NB2 Asztalos csoport"]
[Site "Baja"]
[Date "2024.12.01"]
[Round "3.1"]
[White "Vrban, Mladen"]
[Black "Arbutina, Sinisa"]
[Result "1-0"]
[WhiteElo "2283"]
[BlackElo "2206"]
[PlyCount "149"]
[GameId "2119493793621460"]
[EventDate "2024.11.03"]
[EventType "team-tourn"]
[EventRounds "9"]
[EventCountry "HUN"]
[Source "chess.hu"]
[WhiteTeam "Sakk Egylet Nagyatad"]
[BlackTeam "Bajai SSC"]
[WhiteTeamCountry "HUN"]
[BlackTeamCountry "HUN"]

1. f4 d5 2. g3 c6 3. Nf3 Nd7 4. Bg2 Qb6 5. c3 e6 6. Qb3 Bd6 7. d4 Ngf6 8. Nbd2 Qxb3 9. axb3 Ng4 10. Bh3 Ngf6 11. b4 a6 12. Ne5 Nb6 13. Nb3 Ne4 14. Na5 O-O 15. Bg2 f6 16. Nd3 Nd7 17. Nc5 Ndxc5 18. bxc5 Bc7 19. Nc4 Bd7 20. Bxe4 dxe4 21. Nd2 f5 22. Nc4 Kf7 23. Ne5+ Bxe5 24. dxe5 Rad8 25. Bd2 Bc8 26. c4 Rd7 27. Ba5 Ke8 28. Kf2 Rff7 29. Ke3 Kf8 30. Bb6 Ke8 31. Ba7 h6 32. Bb8 g5 33. Raf1 Rg7 34. Bd6 Rdf7 35. Rd1 gxf4+ 36. Kxf4 Rg4+ 37. Ke3 h5 38. Rdf1 Rfg7 39. Rf4 Bd7 40. Rxg4 Rxg4 41. Kf2 e3+ 42. Kxe3 Rxc4 43. h3 Kd8 44. g4 Be8 45. gxf5 exf5 46. Rg1 Re4+ 47. Kf3 Bf7 48. Rg5 Bd5 49. Kf2 f4 50. Rxh5 Bc4 51. Rh8+ Kd7 52. Kf3 Rxe2 53. e6+ Rxe6 54. Rh7+ Kd8 55. Bxf4 Ke8 56. Rxb7 Re7 57. Rb8+ Kf7 58. h4 Kg6 59. Rd8 Bd5+ 60. Rxd5 cxd5 61. c6 Re4 62. c7 Rc4 63. b3 Rc3+ 64. Kg4 Kf6 65. h5 d4 66. h6 Kg6 67. Be5 Rc6 68. Kf4 d3 69. Ke3 Kxh6 70. Kxd3 Kg6 71. Kd4 Kf7 72. Kd5 Rc2 73. Kd6 Rd2+ 74. Kc6 Rc2+ 75. Kd7 1-0

[Event "NB2 Asztalos csoport"]
[Site "Baja"]
[Date "2024.12.01"]
[Round "3.2"]
[White "Gabric, Goran"]
[Black "Matko, Ognjen"]
[Result "1-0"]
[WhiteElo "2204"]
[BlackElo "2244"]
[PlyCount "79"]
[GameId "2119493833229796"]
[EventDate "2024.11.03"]
[EventType "team-tourn"]
[EventRounds "9"]
[EventCountry "HUN"]
[Source "chess.hu"]
[WhiteTeam "Bajai SSC"]
[BlackTeam "Sakk Egylet Nagyatad"]
[WhiteTeamCountry "HUN"]
[BlackTeamCountry "HUN"]

1. e4 c5 2. Nf3 d6 3. d4 cxd4 4. Nxd4 Nf6 5. Nc3 a6 6. Be2 e5 7. Nf3 Be7 8. O-O O-O 9. Bg5 Nbd7 10. a4 b6 11. Bc4 Bb7 12. Qe2 Nxe4 13. Nxe4 Bxe4 14. Qxe4 Bxg5 15. Rfd1 Be7 16. h4 Nf6 17. Qe2 Qc8 18. Ng5 h6 19. Ne4 Nxe4 20. Qxe4 Kh8 21. Rd5 f5 22. Qe2 Ra7 23. Rad1 Qe8 24. b3 a5 25. Rb5 Rb7 26. Rdd5 Qg6 27. b4 axb4 28. a5 Bxh4 29. a6 Rbb8 30. Rxb4 e4 31. Bb5 Rbc8 32. Ra4 f4 33. Qxe4 Bxf2+ 34. Kxf2 Rxc2+ 35. Kg1 Rc1+ 36. Bf1 Qg3 37. Qf3 Qe1 38. a7 Ra1 39. Rdd4 b5 40. a8=Q 1-0

[Event "NB2 Asztalos csoport"]
[Site "Baja"]
[Date "2024.12.01"]
[Round "3.3"]
[White "Horvath, Attila"]
[Black "Barta, Sandor"]
[Result "1/2-1/2"]
[WhiteElo "2105"]
[BlackElo "2073"]
[PlyCount "22"]
[GameId "2119493884147188"]
[EventDate "2024.11.03"]
[EventType "team-tourn"]
[EventRounds "9"]
[EventCountry "HUN"]
[Source "chess.hu"]
[WhiteTeam "Sakk Egylet Nagyatad"]
[BlackTeam "Bajai SSC"]
[WhiteTeamCountry "HUN"]
[BlackTeamCountry "HUN"]

1. d4 d5 2. Nf3 Nf6 3. Bf4 e6 4. e3 Bd6 5. Bxd6 Qxd6 6. Nbd2 O-O 7. Ne5 b6 8. Bd3 c5 9. c3 Ba6 10. Qe2 Bxd3 11. Qxd3 Nc6 1/2-1/2

[Event "NB2 Asztalos csoport"]
[Site "Baja"]
[Date "2024.12.01"]
[Round "3.4"]
[White "Balint, Richard"]
[Black "Molnar, Aurel"]
[Result "1/2-1/2"]
[WhiteElo "2083"]
[BlackElo "2171"]
[PlyCount "45"]
[GameId "2119493922686468"]
[EventDate "2024.11.03"]
[EventType "team-tourn"]
[EventRounds "9"]
[EventCountry "HUN"]
[Source "chess.hu"]
[WhiteTeam "Bajai SSC"]
[BlackTeam "Sakk Egylet Nagyatad"]
[WhiteTeamCountry "HUN"]
[BlackTeamCountry "HUN"]

1. e4 c5 2. Nf3 d6 3. d4 Nf6 4. Nc3 cxd4 5. Nxd4 Nc6 6. Bg5 Bd7 7. Be2 a6 8. O-O e6 9. Kh1 Be7 10. f4 O-O 11. Nb3 Qc7 12. a3 Rfe8 13. Bd3 h6 14. Bh4 Nxe4 15. Nxe4 Bxh4 16. Nxd6 Rf8 17. Nxb7 Qxb7 18. Nc5 Qxb2 19. Nxd7 Rfd8 20. Qh5 Rxd7 21. Qxh4 Nd4 22. Qe1 Re8 23. Qb4 1/2-1/2

[Event "NB2 Asztalos csoport"]
[Site "Baja"]
[Date "2024.12.01"]
[Round "3.5"]
[White "Konig, Balazs"]
[Black "Arato, Bela"]
[Result "1/2-1/2"]
[WhiteElo "2101"]
[BlackElo "2029"]
[PlyCount "56"]
[GameId "2119493960144404"]
[EventDate "2024.11.03"]
[EventType "team-tourn"]
[EventRounds "9"]
[EventCountry "HUN"]
[Source "chess.hu"]
[WhiteTeam "Sakk Egylet Nagyatad"]
[BlackTeam "Bajai SSC"]
[WhiteTeamCountry "HUN"]
[BlackTeamCountry "HUN"]

1. c4 Nf6 2. Nc3 g6 3. d4 Bg7 4. e4 d6 5. f3 O-O 6. Be3 c6 7. Bd3 a6 8. a4 Qa5 9. Nge2 e5 10. O-O Nbd7 11. d5 Nc5 12. dxc6 bxc6 13. Bc2 Rd8 14. Rb1 Rb8 15. Na2 Qc7 16. Nac3 Be6 17. b3 Nb7 18. Rc1 d5 19. cxd5 cxd5 20. exd5 Nxd5 21. Nxd5 Rxd5 22. Qe1 Qa5 23. Be4 Rd7 24. Bc6 Qxe1 25. Rfxe1 Rc7 26. Bb6 Rcc8 27. Ba7 Ra8 28. Bb6 Rab8 1/2-1/2

[Event "NB2 Asztalos csoport"]
[Site "Baja"]
[Date "2024.12.01"]
[Round "3.6"]
[White "Javor, Sandor"]
[Black "Ferencz, Miklos"]
[Result "1/2-1/2"]
[WhiteElo "2084"]
[BlackElo "2003"]
[PlyCount "73"]
[GameId "2119493999687204"]
[EventDate "2024.11.03"]
[EventType "team-tourn"]
[EventRounds "9"]
[EventCountry "HUN"]
[Source "chess.hu"]
[WhiteTeam "Bajai SSC"]
[BlackTeam "Sakk Egylet Nagyatad"]
[WhiteTeamCountry "HUN"]
[BlackTeamCountry "HUN"]

1. f4 e5 2. fxe5 d6 3. Nf3 dxe5 4. e4 Bc5 5. Bc4 Nf6 6. Qe2 O-O 7. d3 Bg4 8. Be3 Qd6 9. Bxc5 Qxc5 10. Qf2 Qxf2+ 11. Kxf2 Bxf3 12. Kxf3 Nc6 13. c3 Na5 14. Na3 Nxc4 15. Nxc4 Rfe8 16. b4 b6 17. Rab1 Re6 18. Rhd1 Rd8 19. a4 a6 20. Rd2 h5 21. Ne3 g6 22. c4 Red6 23. Rbd1 Rd4 24. Ke2 Kg7 25. Nc2 R4d6 26. b5 a5 27. Ne3 Rd4 28. Rc2 Nd7 29. Nd5 Nc5 30. Nxc7 Nxa4 31. Nd5 Rd6 32. Rf1 Nc5 33. Rc3 Na4 34. Ra3 Nc5 35. Ke3 Nd7 36. Ra2 Nf6 37. h3 1/2-1/2

[Event "NB2 Asztalos csoport"]
[Site "Baja"]
[Date "2024.12.01"]
[Round "3.7"]
[White "Kondakor, Mark"]
[Black "Kelemen, Aron"]
[Result "1-0"]
[WhiteElo "1968"]
[BlackElo "1904"]
[PlyCount "57"]
[GameId "2119494037521972"]
[EventDate "2024.11.03"]
[EventType "team-tourn"]
[EventRounds "9"]
[EventCountry "HUN"]
[Source "chess.hu"]
[WhiteTeam "Sakk Egylet Nagyatad"]
[BlackTeam "Bajai SSC"]
[WhiteTeamCountry "HUN"]
[BlackTeamCountry "HUN"]

1. Nf3 d5 2. g3 c5 3. Bg2 Nf6 4. O-O e6 5. d4 Nbd7 6. c4 Be7 7. cxd5 Nxd5 8. Nc3 Nxc3 9. bxc3 O-O 10. e4 b6 11. Qe2 Bb7 12. Rd1 Qc8 13. Bb2 Rd8 14. d5 exd5 15. exd5 Bf6 16. c4 Ba6 17. Bxf6 Nxf6 18. Ne5 Re8 19. f4 Nd7 20. Bh3 Qd8 21. Re1 Nf8 22. Qc2 Qd6 23. a4 g5 24. Qf5 f6 25. Ng4 Kh8 26. Nxf6 Rxe1+ 27. Rxe1 gxf4 28. Re6 Qc7 29. Ne8 1-0

[Event "NB2 Asztalos csoport"]
[Site "Baja"]
[Date "2024.12.01"]
[Round "3.8"]
[White "Kosa, Jeno"]
[Black "Bocska, Janos"]
[Result "1/2-1/2"]
[WhiteElo "2020"]
[BlackElo "1954"]
[PlyCount "75"]
[GameId "2119494079215172"]
[EventDate "2024.11.03"]
[EventType "team-tourn"]
[EventRounds "9"]
[EventCountry "HUN"]
[Source "chess.hu"]
[WhiteTeam "Bajai SSC"]
[BlackTeam "Sakk Egylet Nagyatad"]
[WhiteTeamCountry "HUN"]
[BlackTeamCountry "HUN"]

1. d4 d5 2. Nf3 Nf6 3. g3 c6 4. Bg2 e6 5. O-O Be7 6. c4 O-O 7. Nbd2 Nbd7 8. Qc2 Re8 9. Rd1 Nf8 10. e4 dxe4 11. Nxe4 Nxe4 12. Qxe4 Bf6 13. Be3 Qe7 14. Ne5 g6 15. c5 Bg7 16. h4 Nd7 17. Nxd7 Bxd7 18. Bf4 f6 19. Bd6 Qf7 20. Qc2 Bf8 21. Bf4 e5 22. dxe5 fxe5 23. Be3 Be6 24. b4 a6 25. Rd2 Rad8 26. Rad1 Be7 27. Rxd8 Rxd8 28. Rxd8+ Bxd8 29. a3 Qd7 30. Be4 Bf5 31. Kh2 Kg7 32. h5 Bxe4 33. Qxe4 Qf5 34. h6+ Kf7 35. Qc4+ Qe6 36. Qe4 Qf5 37. Qc4+ Qe6 38. Qe4 1/2-1/2

[Event "NB2 Asztalos csoport"]
[Site "Baja"]
[Date "2024.12.01"]
[Round "3.9"]
[White "Krivarics, Robert"]
[Black "Baki, Bence"]
[Result "0-1"]
[WhiteElo "1889"]
[BlackElo "1921"]
[PlyCount "48"]
[GameId "2119494124754516"]
[EventDate "2024.11.03"]
[EventType "team-tourn"]
[EventRounds "9"]
[EventCountry "HUN"]
[Source "chess.hu"]
[WhiteTeam "Sakk Egylet Nagyatad"]
[BlackTeam "Bajai SSC"]
[WhiteTeamCountry "HUN"]
[BlackTeamCountry "HUN"]

1. e4 e5 2. d4 exd4 3. c3 dxc3 4. Bc4 d6 5. Nf3 Nc6 6. O-O Nf6 7. Ng5 Ne5 8. Bb3 h6 9. f4 hxg5 10. fxe5 dxe5 11. Nxc3 Bc5+ 12. Kh1 Qxd1 13. Nxd1 Nxe4 14. Bxf7+ Ke7 15. Rf3 Bg4 16. Bb3 Raf8 17. Be3 Bxf3 18. Bxc5+ Nxc5 19. gxf3 Nxb3 20. axb3 Rxf3 21. Kg2 Rxb3 22. Rxa7 Rd8 23. Ra1 Rd2+ 24. Kf1 Rxh2 0-1

[Event "NB2 Asztalos csoport"]
[Site "Baja"]
[Date "2024.12.01"]
[Round "3.10"]
[White "Jaeger, Laszlo"]
[Black "Kiss, Attila"]
[Result "1/2-1/2"]
[WhiteElo "1863"]
[BlackElo "1879"]
[PlyCount "41"]
[GameId "2119494175372900"]
[EventDate "2024.11.03"]
[EventType "team-tourn"]
[EventRounds "9"]
[EventCountry "HUN"]
[Source "chess.hu"]
[WhiteTeam "Bajai SSC"]
[BlackTeam "Sakk Egylet Nagyatad"]
[WhiteTeamCountry "HUN"]
[BlackTeamCountry "HUN"]

1. e4 c5 2. Nf3 d6 3. d4 cxd4 4. Nxd4 Nf6 5. Nc3 g6 6. f3 Bg7 7. Be3 O-O 8. Qd2 Nc6 9. O-O-O d5 10. exd5 Nxd5 11. Nxd5 Qxd5 12. Nb3 Qxd2+ 13. Rxd2 Bf5 14. a3 Rfd8 15. Bb5 Rxd2 16. Bxd2 Rc8 17. c3 b6 18. Be3 Be6 19. Bxc6 Rxc6 20. Nd4 Bxd4 21. Bxd4 1/2-1/2

[Event "NB2 Asztalos csoport"]
[Site "Baja"]
[Date "2024.12.01"]
[Round "3.11"]
[White "Donko, Sara"]
[Black "Rekasi, Zsolt"]
[Result "0-1"]
[WhiteElo "1576"]
[BlackElo "1741"]
[PlyCount "106"]
[GameId "2119494211401332"]
[EventDate "2024.11.03"]
[EventType "team-tourn"]
[EventRounds "9"]
[EventCountry "HUN"]
[Source "chess.hu"]
[WhiteTeam "Sakk Egylet Nagyatad"]
[BlackTeam "Bajai SSC"]
[WhiteTeamCountry "HUN"]
[BlackTeamCountry "HUN"]

1. c4 e5 2. Nc3 Nf6 3. g3 c6 4. Bg2 Bb4 5. Ne4 O-O 6. a3 Be7 7. d3 d5 8. Nxf6+ Bxf6 9. cxd5 cxd5 10. e4 d4 11. Nf3 Nc6 12. O-O Bg4 13. Bg5 Bxf3 14. Bxf6 Qxf6 15. Qxf3 Qe6 16. Rac1 Rac8 17. Qf5 Qb3 18. Bh3 g6 19. Qf6 Rcd8 20. Rxc6 bxc6 21. Qxe5 Qxb2 22. Qf6 Qxa3 23. e5 Rde8 24. Re1 Qa5 25. Re2 Qd5 26. e6 fxe6 27. Bxe6+ Rxe6 28. Qxe6+ Qxe6 29. Rxe6 Rc8 30. f4 Kf7 31. Re4 c5 32. Kf1 a5 33. Ke1 Re8 34. Rxe8 Kxe8 35. Kd2 Kd7 36. Kc2 Kd6 37. Kb3 Kd5 38. Ka4 c4 39. Ka3 cxd3 40. Kb2 Ke4 41. Kc1 a4 42. h4 a3 43. f5 gxf5 44. Kb1 Kf3 45. h5 Kxg3 46. h6 f4 47. Ka2 d2 48. Kxa3 d1=Q 49. Ka2 f3 50. Ka3 Qb1 51. Ka4 f2 52. Ka3 f1=Q 53. Ka4 Qa6# 0-1

[Event "NB2 Asztalos csoport"]
[Site "Komlo"]
[Date "2024.12.01"]
[Round "3.1"]
[White "Papp, Tamas"]
[Black "Jeszenszky, Jozsef"]
[Result "1/2-1/2"]
[WhiteElo "2256"]
[BlackElo "1987"]
[PlyCount "79"]
[GameId "2120090003387449"]
[EventDate "2024.11.03"]
[EventType "team-tourn"]
[EventRounds "9"]
[EventCountry "HUN"]
[Source "chess.hu"]
[WhiteTeam "Decs 1990"]
[BlackTeam "Komloi BSK II."]
[WhiteTeamCountry "HUN"]
[BlackTeamCountry "HUN"]

1. e4 e6 2. b3 d5 3. Bb2 dxe4 4. Nc3 Nf6 5. Qe2 Bb4 6. g4 h6 7. O-O-O Qe7 8. Kb1 Ba3 9. Ba1 a5 10. Bg2 a4 11. h4 axb3 12. cxb3 Nc6 13. g5 Nd5 14. Nxd5 exd5 15. Bxg7 Rg8 16. Bf6 Qc5 17. d4 Qc3 18. Bh3 Nb4 19. Bxc8 Rxc8 20. Rh3 Qc6 21. f3 Kf8 22. fxe4 dxe4 23. Qc4 Nd5 24. Rf1 Qe6 25. Be5 hxg5 26. hxg5 Rxg5 27. Rh7 Rf5 28. Rxf5 Qxf5 29. Rh8+ Ke7 30. Rxc8 e3+ 31. Ka1 Qf2 32. Rxc7+ Ke6 33. Ne2 Qe1+ 34. Nc1 Qd2 35. Nd3 Qd1+ 36. Nc1 Qd2 37. Nd3 Qd1+ 38. Nc1 Qd2 39. Nd3 Qd1+ 40. Nc1 1/2-1/2

[Event "NB2 Asztalos csoport"]
[Site "Komlo"]
[Date "2024.12.01"]
[Round "3.2"]
[White "Lantos, Levente"]
[Black "Kiss, Lajos"]
[Result "1/2-1/2"]
[WhiteElo "2052"]
[BlackElo "2161"]
[PlyCount "33"]
[GameId "2120090038809673"]
[EventDate "2024.11.03"]
[EventType "team-tourn"]
[EventRounds "9"]
[EventCountry "HUN"]
[Source "chess.hu"]
[WhiteTeam "Komloi BSK II."]
[BlackTeam "Decs 1990"]
[WhiteTeamCountry "HUN"]
[BlackTeamCountry "HUN"]

1. d4 Nf6 2. c4 e6 3. Nf3 d5 4. Nc3 a6 5. cxd5 exd5 6. Bg5 Be6 7. e3 Nbd7 8. Bd3 Bd6 9. O-O c6 10. Rc1 O-O 11. Qc2 Qc7 12. Ne2 Bg4 13. Bf4 Rae8 14. Bxd6 Qxd6 15. Ng3 g6 16. h3 Bxf3 17. gxf3 1/2-1/2

[Event "NB2 Asztalos csoport"]
[Site "Komlo"]
[Date "2024.12.01"]
[Round "3.3"]
[White "Nagybiro, Laszlo"]
[Black "Juhasz, Zoltan"]
[Result "1/2-1/2"]
[WhiteElo "2115"]
[BlackElo "1935"]
[PlyCount "215"]
[GameId "2120090075133019"]
[EventDate "2024.11.03"]
[EventType "team-tourn"]
[EventRounds "9"]
[EventCountry "HUN"]
[Source "chess.hu"]
[WhiteTeam "Decs 1990"]
[BlackTeam "Komloi BSK II."]
[WhiteTeamCountry "HUN"]
[BlackTeamCountry "HUN"]

1. d4 Nf6 2. c4 d6 3. Nf3 g6 4. Nc3 Bg7 5. e4 O-O 6. Be2 e5 7. Be3 exd4 8. Nxd4 Re8 9. f3 c6 10. O-O d5 11. cxd5 cxd5 12. Qb3 Nc6 13. Nxc6 bxc6 14. Rad1 Qa5 15. Bd4 Be6 16. Qc2 Rad8 17. exd5 Nxd5 18. Bxg7 Kxg7 19. Nxd5 cxd5 20. b3 f6 21. Kh1 h5 22. Bd3 Rc8 23. Qb1 Bf7 24. Qb2 Qc3 25. Qf2 a5 26. h3 Qc5 27. Qg3 Re3 28. Rd2 Qc3 29. Rfd1 Rce8 30. Rc2 Re1+ 31. Kh2 Qb4 32. Rxe1 Rxe1 33. a3 h4 34. axb4 hxg3+ 35. Kxg3 axb4 36. Rc7 Re3 37. Bc2 g5 38. Kf2 d4 39. Rd7 Rc3 40. Bd1 Kg6 41. Rxd4 Bxb3 42. Be2 Bc2 43. Rxb4 Bd3 44. Bxd3+ Rxd3 45. h4 gxh4 46. Rxh4 Ra3 47. Rg4+ Kf5 48. Kg3 Rb3 49. Ra4 Rb5 50. Kh4 Kg6 51. Rg4+ Kf7 52. Rc4 Kg6 53. f4 Rh5+ 54. Kg4 Ra5 55. Rc8 f5+ 56. Kh4 Ra6 57. Rg8+ Kf7 58. Rg5 Kf6 59. Kh5 Ra2 60. Rg6+ Kf7 61. Rg5 Kf6 62. Kh4 Rf2 63. Kg3 Ra2 64. Rg8 Ra3+ 65. Kh4 Ra4 66. g3 Ra1 67. Kh3 Rh1+ 68. Kg2 Ra1 69. Rd8 Ra6 70. Rd3 Rb6 71. Kf3 Ra6 72. Ke3 Re6+ 73. Kd4 Re8 74. Rb3 Re6 75. Kc5 Kg6 76. Kd5 Ra6 77. Rb8 Ra5+ 78. Kd4 Ra4+ 79. Ke3 Ra3+ 80. Kf2 Ra2+ 81. Kf3 Ra3+ 82. Kg2 Ra6 83. Rc8 Ra2+ 84. Kh3 Ra6 85. Rc3 Rb6 86. Kg2 Rb2+ 87. Kf3 Rb6 88. Ke3 Rd6 89. Rc8 Ra6 90. Kd4 Kf6 91. Kd5 Ra5+ 92. Rc5 Ra3 93. Rc6+ Kf7 94. Ke5 Rxg3 95. Kxf5 Ra3 96. Rc7+ Kf8 97. Rc6 Kf7 98. Rf6+ Kg8 99. Rd6 Kf7 100. Rd7+ Kf8 101. Kg5 Ra6 102. f5 Rb6 103. Rd8+ Kf7 104. Rh8 Kg7 105. Rc8 Kf7 106. Rc7+ Kf8 107. f6 Rb1 108. Rc8+ 1/2-1/2

[Event "NB2 Asztalos csoport"]
[Site "Komlo"]
[Date "2024.12.01"]
[Round "3.4"]
[White "Nemeth, Attila Janos"]
[Black "Gal, Peter"]
[Result "0-1"]
[WhiteElo "1898"]
[BlackElo "2060"]
[PlyCount "50"]
[GameId "2120090109891691"]
[EventDate "2024.11.03"]
[EventType "team-tourn"]
[EventRounds "9"]
[EventCountry "HUN"]
[Source "chess.hu"]
[WhiteTeam "Komloi BSK II."]
[BlackTeam "Decs 1990"]
[WhiteTeamCountry "HUN"]
[BlackTeamCountry "HUN"]

1. d4 d5 2. c4 c6 3. Nc3 dxc4 4. a4 Nf6 5. e3 Be6 6. Nf3 Nbd7 7. Ng5 Bf5 8. Bxc4 e6 9. e4 Bg6 10. f3 e5 11. Qb3 Qe7 12. Qxb7 Rb8 13. Qxc6 exd4 14. Nb5 h6 15. Bf4 Qb4+ 16. Kf1 Bc5 17. Bd3 O-O 18. Bxb8 Nxb8 19. Qc7 Nd5 20. Qe5 Qxb2 21. Qxd5 Qxa1+ 22. Kf2 Qxh1 23. Nh3 Bb4 24. f4 Qe1+ 25. Kf3 Qe3+ 0-1

[Event "NB2 Asztalos csoport"]
[Site "Komlo"]
[Date "2024.12.01"]
[Round "3.5"]
[White "Horvath, Balazs"]
[Black "Gyorke, Zoltan"]
[Result "1-0"]
[WhiteElo "2072"]
[BlackElo "1965"]
[PlyCount "91"]
[GameId "2120090170602619"]
[EventDate "2024.11.03"]
[EventType "team-tourn"]
[EventRounds "9"]
[EventCountry "HUN"]
[Source "chess.hu"]
[WhiteTeam "Decs 1990"]
[BlackTeam "Komloi BSK II."]
[WhiteTeamCountry "HUN"]
[BlackTeamCountry "HUN"]

1. e4 c6 2. d4 d5 3. exd5 cxd5 4. c4 Nf6 5. Nc3 Nc6 6. cxd5 Nxd5 7. Nf3 a6 8. h3 g6 9. Bc4 Nxc3 10. bxc3 Bg7 11. O-O O-O 12. Re1 e6 13. Bg5 Qc7 14. Rc1 b5 15. Bd3 Na5 16. Be4 Bb7 17. Nh2 Nc4 18. Bxb7 Qxb7 19. Ng4 f6 20. Bh6 Rfe8 21. Bxg7 Kxg7 22. Rc2 Rad8 23. Qc1 Qf7 24. Qh6+ Kg8 25. Rce2 Rd6 26. f4 Rd5 27. Qh4 Kg7 28. Rf1 a5 29. f5 Rxf5 30. Rxf5 gxf5 31. Qh6+ Kh8 32. Nxf6 Re7 33. Nxh7 Qg7 34. Qxg7+ Kxg7 35. Ng5 Kf6 36. h4 e5 37. dxe5+ Nxe5 38. Rb2 Ng4 39. Nf3 Rc7 40. Nh2 Ne5 41. Rxb5 Rxc3 42. Rxa5 Nd3 43. Nf3 Rc1+ 44. Kh2 f4 45. Nd4 Nf2 46. Rf5+ 1-0

[Event "NB2 Asztalos csoport"]
[Site "Komlo"]
[Date "2024.12.01"]
[Round "3.6"]
[White "Szaz, Ferenc"]
[Black "B.Garai, Lehel"]
[Result "1/2-1/2"]
[WhiteElo "1952"]
[BlackElo "1926"]
[PlyCount "106"]
[GameId "2120090205168779"]
[EventDate "2024.11.03"]
[EventType "team-tourn"]
[EventRounds "9"]
[EventCountry "HUN"]
[Source "chess.hu"]
[WhiteTeam "Komloi BSK II."]
[BlackTeam "Decs 1990"]
[WhiteTeamCountry "HUN"]
[BlackTeamCountry "HUN"]

1. c4 Nf6 2. Nc3 g6 3. d4 Bg7 4. e4 d6 5. Be2 O-O 6. g4 c5 7. d5 b5 8. g5 Nfd7 9. Nxb5 Ba6 10. a4 Bxb5 11. axb5 Nb6 12. h4 a6 13. bxa6 Nxa6 14. Rh3 Qd7 15. Rha3 Qb7 16. Qb3 Nb4 17. Kf1 Rxa3 18. Rxa3 Rb8 19. Bd2 Qc7 20. Bc3 Nd7 21. Bxg7 Kxg7 22. Qc3+ Kg8 23. Nf3 Qc8 24. Nd2 Ne5 25. f4 Ng4 26. Qh3 h5 27. gxh6 Nxh6 28. Qxc8+ Rxc8 29. Ra7 Kf8 30. h5 Nc2 31. hxg6 fxg6 32. Bd1 Ne3+ 33. Ke1 Ng2+ 34. Kf2 Nxf4 35. Kg3 Nd3 36. b3 Ng8 37. Bc2 Ne5 38. Nf3 Nxf3 39. Kxf3 Kf7 40. e5 dxe5 41. Ke4 Nf6+ 42. Kxe5 Rd8 43. Rc7 g5 44. Bf5 g4 45. Be6+ Kf8 46. Kf4 g3 47. Kxg3 Rb8 48. Kf4 Ne8 49. Rc8 Rxc8 50. Bxc8 Nd6 51. Bg4 Ke8 52. Ke5 Kd8 53. Be2 Nb7 1/2-1/2

[Event "NB2 Asztalos csoport"]
[Site "Komlo"]
[Date "2024.12.01"]
[Round "3.7"]
[White "Balazs, Imre"]
[Black "Bator, Balazs"]
[Result "1/2-1/2"]
[WhiteElo "2005"]
[BlackElo "1971"]
[PlyCount "99"]
[GameId "2120090305647771"]
[EventDate "2024.11.03"]
[EventType "team-tourn"]
[EventRounds "9"]
[EventCountry "HUN"]
[Source "chess.hu"]
[WhiteTeam "Decs 1990"]
[BlackTeam "Komloi BSK II."]
[WhiteTeamCountry "HUN"]
[BlackTeamCountry "HUN"]

1. e4 c5 2. c3 e6 3. d4 d5 4. exd5 exd5 5. Bb5+ Nc6 6. Qe2+ Be6 7. Nf3 a6 8. Ba4 b5 9. Bc2 cxd4 10. cxd4 Bd6 11. O-O Nge7 12. Nbd2 Qc7 13. h3 Nb4 14. Bb1 Nc2 15. Bxc2 Qxc2 16. a4 bxa4 17. Ne1 Qc6 18. Qd1 Bd7 19. Ndf3 O-O 20. Nd3 f6 21. Bf4 Bxf4 22. Nxf4 Rab8 23. Re1 Qd6 24. Nd3 Nf5 25. Qd2 Bb5 26. Nc5 Rfe8 27. Nxa4 Rxe1+ 28. Nxe1 Bxa4 29. Rxa4 Qb6 30. Qf4 Nd6 31. Nd3 a5 32. Nc5 Re8 33. Kh2 Ne4 34. Nd3 Qb5 35. Ra3 Qc4 36. f3 Ng5 37. Rc3 Qb5 38. Qd6 Ne6 39. Nc5 Nxc5 40. Qxd5+ Kh8 41. Rxc5 Qb8+ 42. Kg1 Qxb2 43. Qd7 Qb1+ 44. Kh2 Qb8+ 45. Rc7 Rg8 46. d5 a4 47. d6 Qb4 48. Rc8 Qf4+ 49. Kh1 Qe5 50. Rxg8+ 1/2-1/2